[Event "Kemerovo2"]
[Site "Kemerovo"]
[Date "1995.??.??"]
[Round "9"]
[White "Khasin, Alexander"]
[Black "Tataev, Manach"]
[Result "1-0"]
[WhiteElo "2485"]
[BlackElo "2315"]
[PlyCount "63"]
[EventDate "1995.08.??"]
[EventType "tourn"]
[EventRounds "13"]
[EventCountry "RUS"]
[EventCategory "6"]
[SourceTitle "CBM 049 Extra"]
[Source "ChessBase"]
[SourceDate "1996.01.01"]
[SourceVersion "1"]
[SourceVersionDate "1996.01.01"]
[SourceQuality "1"]

1. c4 c5 2. Nf3 Nf6 3. Nc3 g6 4. g3 Bg7 5. Bg2 0-0 6. d4 d6 7. 0-0 Nc6 8. dxc5 dxc5 9. Bf4 Be6 10. Ne5 Na5 11. Qa4 Qb6 12. Nd5 Bxd5 13. cxd5 Rfe8 14. Bd2 Qd6 15. Nxf7 Kxf7 16. Bxa5 Qa6 17. Qa3 Qxe2 18. Bc3 Qb5 19. Rfe1 b6 20. d6 exd6 21. Bxa8 Rxa8 22. Rad1 Qc6 23. Qb3+ c4 24. Qa3 Bf8 25. Bxf6 Kxf6 26. Qc3+ Kf7 27. Qh8 Re8 28. Qxh7+ Bg7 29. Rxe8 Qxe8 30. Rd4 Qe5 31. Rf4+ Ke7 32. Qxg6 1-0

[Event "Kemerovo2"]
[Site "Kemerovo"]
[Date "1995.??.??"]
[Round "4"]
[White "Komliakov, Viktor"]
[Black "Tataev, Manach"]
[Result "1-0"]
[WhiteElo "2525"]
[BlackElo "2315"]
[PlyCount "97"]
[EventDate "1995.08.??"]
[EventType "tourn"]
[EventRounds "13"]
[EventCountry "RUS"]
[EventCategory "6"]
[SourceTitle "CBM 049 Extra"]
[Source "ChessBase"]
[SourceDate "1996.01.01"]
[SourceVersion "1"]
[SourceVersionDate "1996.01.01"]
[SourceQuality "1"]

1. e4 c5 2. Nf3 g6 3. d4 cxd4 4. Qxd4 Nf6 5. Bb5 Nc6 6. Bxc6 dxc6 7. Qxd8+ Kxd8 8. Nc3 Bg7 9. e5 Nd5 10. Nxd5 cxd5 11. Bf4 Bg4 12. Nd4 Rc8 13. f3 Bd7 14. 0-0-0 h6 15. g4 e6 16. Bg3 Ke8 17. f4 f5 18. gxf5 gxf5 19. Bh4 Kf7 20. Rhg1 Rhg8 21. c3 Bh8 22. Kd2 Rg6 23. Rxg6 Kxg6 24. Rg1+ Kf7 25. Kd3 Bg7 26. Be7 a6 27. Bd6 Rh8 28. a4 h5 29. a5 Bh6 30. Ke3 Rg8 31. Rxg8 Kxg8 32. Be7 Kf7 33. Bg5 Bf8 34. b4 Ba4 35. Kf3 Bd1+ 36. Kg3 Bg7 37. b5 axb5 38. Nc6 Ke8 39. Nd8 Kd7 40. Nxb7 Bf8 41. a6 Kc7 42. Bd8+ Kb8 43. Bb6 b4 44. Nd8 bxc3 45. a7+ Ka8 46. Nxe6 c2 47. Nc7+ Kb7 48. a8Q+ Kxb6 49. Nxd5+ 1-0

[Event "Kemerovo2"]
[Site "Kemerovo"]
[Date "1995.??.??"]
[Round "2"]
[White "Mikhailov, Vladimir"]
[Black "Tataev, Manach"]
[Result "1/2-1/2"]
[WhiteElo "2355"]
[BlackElo "2315"]
[PlyCount "112"]
[EventDate "1995.08.??"]
[EventType "tourn"]
[EventRounds "13"]
[EventCountry "RUS"]
[EventCategory "6"]
[SourceTitle "CBM 049 Extra"]
[Source "ChessBase"]
[SourceDate "1996.01.01"]
[SourceVersion "1"]
[SourceVersionDate "1996.01.01"]
[SourceQuality "1"]

1. d4 Nf6 2. c4 c5 3. d5 e6 4. Nc3 exd5 5. cxd5 d6 6. Nf3 g6 7. Nd2 a6 8. a4 Nbd7 9. e4 Bg7 10. Be2 0-0 11. 0-0 Rb8 12. Kh1 Re8 13. h3 Nf8 14. f4 N6d7 15. a5 b5 16. axb6 Nxb6 17. Bd3 Nfd7 18. Nf3 Bb7 19. Re1 Ra8 20. Be3 Nf6 21. Kh2 Qc7 22. Qd2 Nfd7 23. Rad1 Rad8 24. Bf2 Rb8 25. Bg3 f6 26. Ra1 Ra8 27. Ra2 Kh8 28. Rea1 Nb8 29. Bf2 N6d7 30. Be3 Qd8 31. Rb1 Bc8 32. Qf2 Qe7 33. Bd2 Ra7 34. Nb5 Rb7 35. Na3 Nb6 36. Ba5 f5 37. exf5 Nxd5 38. Re1 Qf8 39. Be4 Rxe4 40. Rxe4 Bxf5 41. Re2 Nc6 42. Bd2 Ncb4 43. Bxb4 cxb4 44. Nc4 Bd3 45. Nxd6 Bxe2 46. Nxb7 Qxf4+ 47. Qg3 Qxg3+ 48. Kxg3 Bc4 49. b3 Bxb3 50. Rxa6 h6 51. Nc5 Bc2 52. Ra8+ Kh7 53. Rb8 Bc3 54. Rb7+ Kg8 55. Ne6 Ne3 56. Nc5 Nf5+ 1/2-1/2

[Event "Cuxhaven op"]
[Site "Cuxhaven"]
[Date "1993.??.??"]
[Round "5"]
[White "Blauert, Joerg"]
[Black "Tataev, Manach"]
[Result "1/2-1/2"]
[WhiteElo "2400"]
[BlackElo "2395"]
[PlyCount "143"]
[EventDate "1993.03.??"]
[EventType "swiss"]
[EventRounds "9"]
[EventCountry "GER"]
[SourceTitle "EXT 1997"]
[Source "ChessBase"]
[SourceDate "1996.11.15"]
[SourceVersion "1"]
[SourceVersionDate "1996.11.15"]
[SourceQuality "1"]

1. e4 c5 2. c3 Qa5 3. Nf3 Nc6 4. d4 cxd4 5. b4 Qh5 6. b5 Ne5 7. Nxe5 Qxe5 8. Qxd4 Qc7 9. Bc4 e6 10. 0-0 b6 11. Rd1 Bb7 12. Bf4 d6 13. Bxd6 Bxd6 14. Qxd6 Qxd6 15. Rxd6 Bxe4 16. Bxe6 Bxb1 17. Bd5 Ke7 18. Bxa8 Kxd6 19. Rxb1 Nf6 20. Bc6 Kc5 21. Rd1 a6 22. a4 a5 23. Rd4 Rc8 24. Kf1 Rc7 25. Ke2 Re7+ 26. Kd3 g5 27. Rc4+ Kd6 28. Bf3 Ke5 29. Rc6 Re6 30. Rc7 Rd6+ 31. Kc2 Nd7 32. Bc6 Nc5 33. Rxf7 Rf6 34. Re7+ Kd6 35. Re2 Nxa4 36. Rd2+ Ke5 37. Rd5+ Ke6 38. f3 h6 39. Rd4 Nc5 40. Bd5+ Ke5 41. g3 Rd6 42. f4+ gxf4 43. gxf4+ Kf5 44. Kd2 Rg6 45. Ke3 Rg1 46. Bc4 Re1+ 47. Kd2 Rh1 48. Rd5+ Kxf4 49. Rh5 Rg1 50. Rxh6 Ne4+ 51. Kd3 Nc5+ 52. Kd2 Ne4+ 53. Kd3 Nc5+ 54. Kc2 Rg2+ 55. Kc1 Rg1+ 56. Kb2 Rg2+ 57. Ka3 Rc2 58. Rh3 Kg4 59. Rg3+ Kf4 60. Rh3 Kg4 61. Bf1 Kf4 62. Rg3 Ne4 63. Rg6 Rxc3+ 64. Kb2 Rf3 65. Bc4 a4 66. Rxb6 a3+ 67. Ka1 Ke5 68. Ra6 Kd4 69. Ra4 Kc5 70. Bd3 Rxd3 71. Rxe4 Kxb5 72. h4 1/2-1/2

[Event "Voskresensk2"]
[Site "Voskresensk"]
[Date "1993.??.??"]
[Round "?"]
[White "Nadanian, Ashot S"]
[Black "Tataev, Manach"]
[Result "1-0"]
[WhiteElo "2285"]
[BlackElo "2395"]
[PlyCount "79"]
[EventDate "1993.??.??"]
[EventType "tourn"]
[EventRounds "11"]
[EventCountry "RUS"]
[EventCategory "6"]
[SourceTitle "CBM 038 Extra"]
[Source "ChessBase"]
[SourceDate "1994.03.01"]
[SourceVersion "1"]
[SourceVersionDate "1994.03.01"]
[SourceQuality "1"]

1. e4 c5 2. Nf3 d6 3. d4 cxd4 4. Nxd4 Nf6 5. Nc3 a6 6. Be3 e5 7. Nf3 Qc7 8. a4 h6 9. a5 Be6 10. Nd5 Nxd5 11. exd5 Bf5 12. c4 Nd7 13. b4 Be7 14. Be2 0-0 15. 0-0 Bg6 16. Nd2 f5 17. f4 exf4 18. Bxf4 b6 19. Nb3 Bf6 20. Rb1 Be5 21. Kh1 Rf6 22. Qd2 Rb8 23. axb6 Qxb6 24. Na5 Bxf4 25. Qxf4 Re8 26. Qd2 f4 27. Rb2 Qe3 28. Qxe3 fxe3 29. Rxf6 Nxf6 30. Nb7 Ne4 31. c5 Re7 32. c6 Bf7 33. Rc2 Bxd5 34. Bxa6 Nd2 35. c7 Bxb7 36. Bxb7 e2 37. c8Q+ Kh7 38. Be4+ g6 39. Rc1 Nxe4 40. Qf8 1-0

[Event "Voskresensk2"]
[Site "Voskresensk"]
[Date "1993.??.??"]
[Round "?"]
[White "Tataev, Manach"]
[Black "Blodstein, Arkady"]
[Result "1-0"]
[WhiteElo "2395"]
[BlackElo "2370"]
[PlyCount "85"]
[EventDate "1993.??.??"]
[EventType "tourn"]
[EventRounds "11"]
[EventCountry "RUS"]
[EventCategory "6"]
[SourceTitle "CBM 038 Extra"]
[Source "ChessBase"]
[SourceDate "1994.03.01"]
[SourceVersion "1"]
[SourceVersionDate "1994.03.01"]
[SourceQuality "1"]

1. d4 Nf6 2. c4 c5 3. d5 e6 4. Nc3 exd5 5. cxd5 d6 6. e4 g6 7. f4 Bg7 8. Bb5+ Nfd7 9. a4 0-0 10. Nf3 Na6 11. 0-0 Nb4 12. Re1 a6 13. Bf1 Re8 14. h3 Rb8 15. Be3 Nf6 16. Bf2 Nh5 17. g3 Nf6 18. Qd2 Nd7 19. g4 b6 20. Rac1 Bb7 21. Bc4 Ba8 22. Rcd1 Qc7 23. Bg3 Rbd8 24. Kh2 Qb8 25. Re3 Qb7 26. Qe2 Qa7 27. e5 b5 28. axb5 Nb6 29. bxa6 dxe5 30. fxe5 N6xd5 31. Nxd5 Bxd5 32. Bxd5 Rxd5 33. e6 fxe6 34. Rxd5 Nxd5 35. Rxe6 Rf8 36. Re8 Qd7 37. Rxf8+ Bxf8 38. Qc4 Kg7 39. a7 Qxa7 40. Qxd5 h6 41. Qe5+ Kg8 42. Qe6+ Kh7 43. Be5 1-0

[Event "Voskresensk2"]
[Site "Voskresensk"]
[Date "1993.??.??"]
[Round "?"]
[White "Tataev, Manach"]
[Black "Kiriakov, Petr"]
[Result "1/2-1/2"]
[WhiteElo "2395"]
[BlackElo "2385"]
[PlyCount "20"]
[EventDate "1993.??.??"]
[EventType "tourn"]
[EventRounds "11"]
[EventCountry "RUS"]
[EventCategory "6"]
[SourceTitle "CBM 038 Extra"]
[Source "ChessBase"]
[SourceDate "1994.03.01"]
[SourceVersion "1"]
[SourceVersionDate "1994.03.01"]
[SourceQuality "1"]

1. d4 d5 2. c4 e6 3. Nc3 Nf6 4. cxd5 exd5 5. Bg5 Be7 6. e3 c6 7. Nf3 Nbd7 8. Bd3 0-0 9. 0-0 Re8 10. Qc2 Nf8 1/2-1/2

[Event "Alushta op"]
[Site "Alushta"]
[Date "1993.??.??"]
[Round "?"]
[White "Varavin, Viktor"]
[Black "Tataev, Manach"]
[Result "1-0"]
[WhiteElo "2460"]
[BlackElo "2340"]
[PlyCount "73"]
[EventDate "1993.05.??"]
[EventType "swiss"]
[EventRounds "9"]
[EventCountry "UKR"]
[SourceTitle "TD"]
[Source "ChessBase"]
[SourceDate "1994.03.01"]
[SourceVersion "1"]
[SourceVersionDate "1994.03.01"]
[SourceQuality "1"]

1. e4 c5 2. Nf3 d6 3. d4 cxd4 4. Nxd4 Nf6 5. Nc3 a6 6. Be3 e6 7. f3 Qc7 8. g4 Nc6 9. Qd2 Be7 10. 0-0-0 0-0 11. g5 Ne8 12. h4 b5 13. h5 Nxd4 14. Bxd4 b4 15. Nb1 Rb8 16. b3 e5 17. Be3 Be6 18. Kb2 a5 19. Bh3 Bxh3 20. Rxh3 Qd7 21. Qg2 Qe6 22. Nd2 Nc7 23. Rg1 d5 24. g6 fxg6 25. hxg6 hxg6 26. Rg3 Rf6 27. Bg5 Rf7 28. Bxe7 Qxe7 29. Rxg6 Ne6 30. Qh2 Qc7 31. Rh6 Qc3+ 32. Kb1 Rc7 33. Nc4 dxc4 34. Qh5 Kf8 35. Rxe6 cxb3 36. Qh8+ Kf7 37. Qxg7+ 1-0

[Event "Protvino"]
[Site "Protvino"]
[Date "1992.??.??"]
[Round "?"]
[White "Bitman, Alexander R"]
[Black "Tataev, Manach"]
[Result "0-1"]
[WhiteElo "2345"]
[BlackElo "2310"]
[PlyCount "92"]
[EventDate "1992.??.??"]
[EventType "tourn"]
[EventRounds "13"]
[EventCountry "RUS"]
[EventCategory "6"]
[SourceTitle "EXT 1997"]
[Source "ChessBase"]
[SourceDate "1996.11.15"]
[SourceVersion "1"]
[SourceVersionDate "1996.11.15"]
[SourceQuality "1"]

1. e4 c5 2. Nc3 d6 3. f4 g6 4. Nf3 Bg7 5. Bb5+ Bd7 6. Bxd7+ Qxd7 7. d3 Nc6 8. 0-0 e6 9. Kh1 Nge7 10. Qe1 h6 11. Qf2 b6 12. Bd2 f5 13. Rae1 0-0 14. Bc1 Rae8 15. Qh4 d5 16. a3 a6 17. g4 b5 18. gxf5 exf5 19. e5 d4 20. Nd1 Nd8 21. Re2 Ne6 22. Qg3 Rc8 23. Rg2 c4 24. Bd2 cxd3 25. cxd3 Rc2 26. Ne1 Rc6 27. Bb4 g5 28. fxg5 hxg5 29. Nf3 Bh6 30. Bd2 f4 31. Qh3 Nf5 32. Nxg5 Nxg5 33. Bxf4 Rg6 34. Qh5 Qc6 35. h4 Ng7 36. Qg4 N7e6 37. hxg5 Rxg5 38. Bxg5 Rxf1+ 39. Kh2 Bxg5 40. Nf2 Kf8 41. Qf5+ Ke7 42. Kg3 Qc1 43. Qh7+ Kd8 44. Qg8+ Kd7 45. Qf7+ Be7 46. Qf3 Qg5+ 0-1

[Event "Moscow Tal Memorial"]
[Site "Moscow"]
[Date "1992.??.??"]
[Round "?"]
[White "Filipenko, Alexander V"]
[Black "Tataev, Manach"]
[Result "0-1"]
[WhiteElo "2390"]
[BlackElo "2310"]
[PlyCount "86"]
[EventDate "1992.08.??"]
[EventType "swiss"]
[EventRounds "9"]
[EventCountry "RUS"]
[SourceTitle "EXT 1997"]
[Source "ChessBase"]
[SourceDate "1996.11.15"]
[SourceVersion "1"]
[SourceVersionDate "1996.11.15"]
[SourceQuality "1"]

1. e4 c5 2. Ne2 d6 3. g3 g6 4. Bg2 Bg7 5. c3 Nc6 6. d4 cxd4 7. cxd4 Nf6 8. Nbc3 0-0 9. 0-0 a6 10. h3 Bd7 11. Be3 Rb8 12. Qd2 b5 13. b3 b4 14. Na4 e6 15. Rac1 Ne7 16. Nb2 Bb5 17. Rc2 a5 18. Rfc1 d5 19. f3 Qb6 20. Na4 Bxa4 21. bxa4 Rbc8 22. Rxc8 Rxc8 23. Rxc8+ Nxc8 24. Qc2 Qd8 25. e5 Nd7 26. Bf1 Ndb6 27. Nc1 Bf8 28. Qc6 Nc4 29. Bf2 Ne7 30. Qb5 Nf5 31. Bxc4 dxc4 32. Qxc4 Qg5 33. f4 Qd8 34. Nb3 h5 35. Qc6 g5 36. d5 gxf4 37. gxf4 exd5 38. Qf6 Qc8 39. Qg5+ Bg7 40. Qxh5 Qc2 41. Qf3 Qb1+ 42. Kg2 Qxa2 43. Nxa5 Nh4+ 0-1

[Event "Moscow Tal Memorial"]
[Site "Moscow"]
[Date "1992.??.??"]
[Round "?"]
[White "Glek, Igor Vladimirovich"]
[Black "Tataev, Manach"]
[Result "1-0"]
[WhiteElo "2520"]
[BlackElo "2310"]
[PlyCount "81"]
[EventDate "1992.08.??"]
[EventType "swiss"]
[EventRounds "9"]
[EventCountry "RUS"]
[SourceTitle "EXT 1997"]
[Source "ChessBase"]
[SourceDate "1996.11.15"]
[SourceVersion "1"]
[SourceVersionDate "1996.11.15"]
[SourceQuality "1"]

1. d4 Nf6 2. c4 c5 3. d5 e6 4. Nc3 exd5 5. cxd5 d6 6. e4 g6 7. f4 Bg7 8. Bb5+ Nfd7 9. Nf3 0-0 10. 0-0 a6 11. Bd3 b5 12. Kh1 Nb6 13. f5 b4 14. Ne2 a5 15. Bg5 Bf6 16. Qd2 Ra7 17. Qf4 Bxg5 18. Nxg5 h6 19. Nh3 g5 20. Qg3 Qf6 21. Nf2 Rd8 22. Ng4 Qh8 23. e5 N8d7 24. f6 Nxe5 25. Nxe5 dxe5 26. Qxe5 Nxd5 27. Rad1 Be6 28. Bf5 Bxf5 29. Qxf5 Rad7 30. Ng3 Qh7 31. Qe5 Qc2 32. Rc1 Qd3 33. Nf5 Kh7 34. h4 Nf4 35. hxg5 hxg5 36. Rxf4 gxf4 37. Qxf4 Kg6 38. Rxc5 Re8 39. Qg4+ Kxf6 40. Qg7+ Ke6 41. Qe5# 1-0

[Event "Protvino"]
[Site "Protvino"]
[Date "1992.??.??"]
[Round "?"]
[White "Paronjan, Aleksandar"]
[Black "Tataev, Manach"]
[Result "1-0"]
[WhiteElo "2350"]
[BlackElo "2310"]
[PlyCount "75"]
[EventDate "1992.??.??"]
[EventType "tourn"]
[EventRounds "13"]
[EventCountry "RUS"]
[EventCategory "6"]
[SourceTitle "EXT 1997"]
[Source "ChessBase"]
[SourceDate "1996.11.15"]
[SourceVersion "1"]
[SourceVersionDate "1996.11.15"]
[SourceQuality "1"]

1. e4 c5 2. Nf3 d6 3. g3 Nf6 4. d3 Nc6 5. Bg2 e6 6. 0-0 Be7 7. Re1 0-0 8. c3 b6 9. Nbd2 Bb7 10. Nf1 Rc8 11. a3 a5 12. h3 Ba6 13. Ne3 Qc7 14. a4 Rfd8 15. Bf1 d5 16. e5 Nd7 17. Ng4 d4 18. Bf4 Nf8 19. c4 Ng6 20. Qd2 Bb7 21. Bg2 Nb4 22. Rad1 Rd7 23. b3 Rf8 24. h4 Nxf4 25. Qxf4 Bxf3 26. Qxf3 h5 27. Nf6+ Bxf6 28. exf6 g6 29. g4 hxg4 30. Qxg4 Qd6 31. h5 e5 32. Qg5 Re8 33. f4 e4 34. Rxe4 Rxe4 35. Bxe4 Kf8 36. Re1 Kg8 37. Bxg6 Qf8 38. Bf5+ 1-0

[Event "Pardubice op"]
[Site "Pardubice"]
[Date "1992.??.??"]
[Round "6"]
[White "Tataev, Manach"]
[Black "Babula, Milan"]
[Result "0-1"]
[WhiteElo "2310"]
[BlackElo "2355"]
[PlyCount "52"]
[EventDate "1992.07.??"]
[EventType "swiss"]
[EventRounds "9"]
[EventCountry "CZE"]
[SourceTitle "EXT 2000"]
[Source "ChessBase"]
[SourceDate "1999.11.16"]
[SourceVersion "1"]
[SourceVersionDate "1999.11.16"]
[SourceQuality "1"]

1. d4 Nf6 2. c4 g6 3. Nc3 Bg7 4. e4 d6 5. f3 0-0 6. Be3 Nc6 7. Nge2 a6 8. Qd2 Rb8 9. a4 e5 10. a5 exd4 11. Nxd4 Nd7 12. Nb3 b6 13. axb6 Nxb6 14. c5 Nd7 15. Ra3 Nxc5 16. Nxc5 dxc5 17. Bxc5 Re8 18. Qf2 Nb4 19. Qd2 Qxd2+ 20. Kxd2 Bh6+ 21. Ke2 Nc2 22. Nd5 Nxa3 23. Bxa3 Bg7 24. Nxc7 Rd8 25. b4 Bb7 26. Ke3 Rbc8 0-1

[Event "Moscow Tal Memorial"]
[Site "Moscow"]
[Date "1992.??.??"]
[Round "?"]
[White "Tataev, Manach"]
[Black "Epishin, Vladimir"]
[Result "0-1"]
[WhiteElo "2310"]
[BlackElo "2630"]
[PlyCount "84"]
[EventDate "1992.08.??"]
[EventType "swiss"]
[EventRounds "9"]
[EventCountry "RUS"]
[SourceTitle "EXT 1997"]
[Source "ChessBase"]
[SourceDate "1996.11.15"]
[SourceVersion "1"]
[SourceVersionDate "1996.11.15"]
[SourceQuality "1"]

1. c4 e5 2. g3 Nc6 3. Bg2 Bc5 4. Nc3 d6 5. e3 Nge7 6. Nge2 Bb6 7. d3 0-0 8. 0-0 Bg4 9. h3 Bh5 10. Kh2 f5 11. Qd2 Bf7 12. Nd5 Nxd5 13. cxd5 Ne7 14. a4 a5 15. Nc3 c6 16. dxc6 bxc6 17. f4 Qd7 18. Re1 Rab8 19. d4 e4 20. Rg1 Bc4 21. Qd1 Bc7 22. g4 d5 23. Bf1 Bxf1 24. Rxf1 fxg4 25. hxg4 Rf6 26. g5 Rg6 27. Rg1 h6 28. Qh5 Qf5 29. Kg2 hxg5 30. Kf2 Rf8 31. Ne2 gxf4 32. Qxf5 fxe3+ 33. Bxe3 Rxf5+ 34. Ke1 Rxg1+ 35. Bxg1 Bd6 36. Be3 Rh5 37. Kd2 Nf5 38. Bg1 Rg5 39. Rf1 g6 40. Kc1 Rg2 41. Nc3 Bb4 42. Kb1 Ng3 0-1

[Event "Protvino"]
[Site "Protvino"]
[Date "1992.??.??"]
[Round "?"]
[White "Tataev, Manach"]
[Black "Nesterov, Yakov"]
[Result "1-0"]
[WhiteElo "2310"]
[BlackElo "2420"]
[PlyCount "79"]
[EventDate "1992.??.??"]
[EventType "tourn"]
[EventRounds "13"]
[EventCountry "RUS"]
[EventCategory "6"]
[SourceTitle "EXT 1997"]
[Source "ChessBase"]
[SourceDate "1996.11.15"]
[SourceVersion "1"]
[SourceVersionDate "1996.11.15"]
[SourceQuality "1"]

1. d4 d6 2. c4 e5 3. Nf3 e4 4. Nfd2 f5 5. e3 Nf6 6. Nc3 g6 7. b4 Bg7 8. Nb3 0-0 9. Bd2 Nc6 10. a3 Ne7 11. Be2 Bd7 12. h3 b6 13. a4 Be6 14. Qc2 c6 15. a5 g5 16. h4 h6 17. hxg5 hxg5 18. f3 d5 19. c5 b5 20. 0-0-0 a6 21. Kb2 Ra7 22. Rdg1 Rf7 23. Nc1 Qe8 24. Bd1 Bc8 25. N1e2 Ng6 26. Qc1 Rfe7 27. Bc2 f4 28. exf4 e3 29. Bxg6 Qxg6 30. Be1 g4 31. Bh4 Re8 32. Rd1 Nh5 33. Bg5 Bf5 34. Rh4 gxf3 35. gxf3 Qf7 36. Rdh1 Bg6 37. f5 Qxf5 38. Rxh5 Bxh5 39. Rxh5 Qxf3 40. Rh2 1-0

[Event "Stare Mesto op"]
[Site "Stare Mesto"]
[Date "1992.??.??"]
[Round "?"]
[White "Tataev, Manach"]
[Black "Sideifzade, Fikret"]
[Result "1/2-1/2"]
[WhiteElo "2310"]
[BlackElo "2440"]
[PlyCount "34"]
[EventDate "1992.??.??"]
[EventType "swiss"]
[EventRounds "9"]
[EventCountry "CSR"]
[SourceTitle "EXT 1997"]
[Source "ChessBase"]
[SourceDate "1996.11.15"]
[SourceVersion "1"]
[SourceVersionDate "1996.11.15"]
[SourceQuality "1"]

1. d4 Nf6 2. c4 g6 3. Nc3 d5 4. Bg5 Ne4 5. Bh4 Nxc3 6. bxc3 dxc4 7. Qa4+ Qd7 8. Qxc4 b6 9. Bg3 Nc6 10. Nf3 Bg7 11. Rc1 Bb7 12. e4 0-0 13. Bd3 Rac8 14. Qb5 a6 15. Qb1 e5 16. d5 Na5 17. c4 f5 1/2-1/2

[Event "Moscow Tal Memorial"]
[Site "Moscow"]
[Date "1992.??.??"]
[Round "?"]
[White "Tataev, Manach"]
[Black "Yakovich, Yuri"]
[Result "0-1"]
[WhiteElo "2310"]
[BlackElo "2520"]
[PlyCount "98"]
[EventDate "1992.08.??"]
[EventType "swiss"]
[EventRounds "9"]
[EventCountry "RUS"]
[SourceTitle "EXT 1997"]
[Source "ChessBase"]
[SourceDate "1996.11.15"]
[SourceVersion "1"]
[SourceVersionDate "1996.11.15"]
[SourceQuality "1"]

1. d4 d5 2. c4 dxc4 3. Nf3 a6 4. a4 Nf6 5. e3 e6 6. Bxc4 c5 7. 0-0 Nc6 8. Nc3 Be7 9. Qe2 cxd4 10. Rd1 0-0 11. exd4 Nd5 12. Ba2 Ncb4 13. Bb1 b6 14. Nxd5 Nxd5 15. Qe4 g6 16. Bh6 Re8 17. Ne5 Bf8 18. Bxf8 Rxf8 19. Qf3 Bb7 20. a5 bxa5 21. Be4 Rb8 22. Qg3 Ne7 23. Bd3 Bd5 24. Rd2 Rb4 25. Qf4 f6 26. Nf3 Bxf3 27. Qxf3 Rxd4 28. Qe2 Qb6 29. Bc4 Rxd2 30. Qxd2 Rc8 31. b3 Rc5 32. Qd7 Kf7 33. Re1 Re5 34. Rxe5 fxe5 35. g3 e4 36. Kf1 Qc6 37. Qd4 Nf5 38. Qh8 h5 39. Qh7+ Ng7 40. Qh6 a4 41. Qf4+ Nf5 42. h3 a3 43. g4 a2 44. Qc1 hxg4 45. hxg4 e3 46. Bxe6+ Qxe6 47. gxf5 Qe5 48. Qc4+ Kg7 49. f6+ Kh6 0-1

[Event "Protvino"]
[Site "Protvino"]
[Date "1992.??.??"]
[Round "?"]
[White "Tataev, Manach"]
[Black "Zakharov, Alexander V"]
[Result "1/2-1/2"]
[WhiteElo "2310"]
[BlackElo "2365"]
[PlyCount "22"]
[EventDate "1992.??.??"]
[EventType "tourn"]
[EventRounds "13"]
[EventCountry "RUS"]
[EventCategory "6"]
[SourceTitle "EXT 1997"]
[Source "ChessBase"]
[SourceDate "1996.11.15"]
[SourceVersion "1"]
[SourceVersionDate "1996.11.15"]
[SourceQuality "1"]

1. d4 d5 2. c4 c6 3. cxd5 cxd5 4. Nc3 Nc6 5. Bf4 Bf5 6. e3 e6 7. Bd3 Bxd3 8. Qxd3 Nf6 9. Nf3 Bd6 10. Bxd6 Qxd6 11. 0-0 0-0 1/2-1/2

[Event "Stare Mesto op"]
[Site "Stare Mesto"]
[Date "1992.??.??"]
[Round "?"]
[White "Zapolskis, Antanas J"]
[Black "Tataev, Manach"]
[Result "1-0"]
[WhiteElo "2420"]
[BlackElo "2310"]
[PlyCount "35"]
[EventDate "1992.??.??"]
[EventType "swiss"]
[EventRounds "9"]
[EventCountry "CSR"]
[SourceTitle "EXT 1997"]
[Source "ChessBase"]
[SourceDate "1996.11.15"]
[SourceVersion "1"]
[SourceVersionDate "1996.11.15"]
[SourceQuality "1"]

1. e4 c5 2. Nf3 d6 3. d4 cxd4 4. Nxd4 Nf6 5. Nc3 a6 6. Bc4 e6 7. Bb3 Nbd7 8. f4 Nc5 9. e5 dxe5 10. fxe5 Nfd7 11. Bf4 b5 12. Qg4 Nb6 13. 0-0-0 Bd7 14. Rhf1 h5 15. Qf3 Rc8 16. Kb1 Nc4 17. Bxc4 bxc4 18. Bg5 1-0

[Event "Stare Mesto op"]
[Site "Stare Mesto"]
[Date "1992.??.??"]
[Round "?"]
[White "Zhidkov, Valery S"]
[Black "Tataev, Manach"]
[Result "1/2-1/2"]
[WhiteElo "2415"]
[BlackElo "2310"]
[PlyCount "43"]
[EventDate "1992.??.??"]
[EventType "swiss"]
[EventRounds "9"]
[EventCountry "CSR"]
[SourceTitle "EXT 1997"]
[Source "ChessBase"]
[SourceDate "1996.11.15"]
[SourceVersion "1"]
[SourceVersionDate "1996.11.15"]
[SourceQuality "1"]

1. Nf3 Nf6 2. c4 g6 3. g3 Bg7 4. Bg2 0-0 5. d4 c5 6. 0-0 Nc6 7. Nc3 d6 8. dxc5 dxc5 9. Be3 Be6 10. Bxc5 Qa5 11. Ba3 Bxc4 12. Nd4 Nxd4 13. Qxd4 Rac8 14. Qf4 Nh5 15. Qe3 Bxc3 16. Qxc3 Qxc3 17. bxc3 Rc7 18. Rfd1 b6 19. Rd2 f5 20. Rad1 Nf6 21. f3 Be6 22. e4 1/2-1/2

[Event "Moscow7 op"]
[Site "Moscow"]
[Date "1991.??.??"]
[Round "?"]
[White "Glek, Igor Vladimirovich"]
[Black "Tataev, Manach"]
[Result "1-0"]
[WhiteElo "2530"]
[BlackElo "2320"]
[PlyCount "39"]
[EventDate "1991.09.??"]
[EventType "swiss"]
[EventRounds "9"]
[EventCountry "URS"]
[SourceTitle "EXT 2000"]
[Source "ChessBase"]
[SourceDate "1999.11.16"]
[SourceVersion "1"]
[SourceVersionDate "1999.11.16"]
[SourceQuality "1"]

1. e4 c5 2. Nf3 d6 3. d4 cxd4 4. Nxd4 Nf6 5. Nc3 a6 6. Be3 Nbd7 7. g4 d5 8. Nb3 Nxe4 9. Nxd5 Nd6 10. Qe2 e6 11. Bf4 Nb6 12. Nxb6 Qxb6 13. 0-0-0 Bd7 14. Bg2 Bc6 15. Bxc6+ Qxc6 16. Nd4 Qc8 17. Rhe1 Nc4 18. Bg5 Bd6 19. Nf5 Qc6 20. Qxc4 1-0

[Event "World op 19th"]
[Site "Philadelphia"]
[Date "1991.??.??"]
[Round "2"]
[White "Shabalov, Alexander"]
[Black "Tataev, Manach"]
[Result "1-0"]
[WhiteElo "2535"]
[BlackElo "2320"]
[PlyCount "93"]
[EventDate "1991.07.??"]
[EventType "swiss"]
[EventRounds "9"]
[EventCountry "USA"]
[SourceTitle "EXT 2000"]
[Source "ChessBase"]
[SourceDate "1999.11.16"]
[SourceVersion "1"]
[SourceVersionDate "1999.11.16"]
[SourceQuality "1"]

1. e4 c5 2. Nf3 d6 3. d4 cxd4 4. Nxd4 Nf6 5. Nc3 a6 6. Bg5 e6 7. f4 b5 8. e5 dxe5 9. fxe5 Qc7 10. exf6 Qe5+ 11. Be2 Qxg5 12. Qd3 Ra7 13. Ne4 Qe5 14. Nf3 Qxb2 15. 0-0 Rd7 16. Qe3 Bb7 17. Kh1 Bxe4 18. Qxe4 gxf6 19. c4 b4 20. c5 Bxc5 21. Rab1 Qc3 22. Rb3 f5 23. Qa8 Qf6 24. Qxb8+ Ke7 25. Qf4 Bd6 26. Qe3 a5 27. Nd4 Kf8 28. Bb5 Rc7 29. Qd2 Be5 30. Nc6 Bc3 31. Qd6+ Re7 32. h3 h5 33. Rxc3 bxc3 34. Qd8+ Kg7 35. Qxe7 Qxe7 36. Nxe7 Rd8 37. Rc1 Rd2 38. Bc4 Kf6 39. Nc6 e5 40. Rxc3 e4 41. Nxa5 f4 42. Nc6 e3 43. a4 Kf5 44. Bb5 f6 45. Rc5+ Ke4 46. Rc4+ Kd5 47. Rxf4 1-0